Commodities primarios en la economía mundial.
Saved in:
| Hovedforfatter: | |
|---|---|
| Format: | Ukendt |
| Udgivet: |
Santiago, Chile:
Ediciones UC,
2009.
|
| Serier: | Foro en Economía de Minerales;
VI. |
| Fag: | |
| Tags: |
Tilføj Tag
Ingen Tags, Vær først til at tagge denne postø!
|
MARC
| LEADER | 00000 a2200000 4500 | ||
|---|---|---|---|
| 003 | CL-VaPUC | ||
| 005 | 20241023122533.0 | ||
| 008 | 240529t2009 ||||| |||| 00| 0 eng d | ||
| 999 | |c 443687 |d 443685 | ||
| 020 | |a 978-956-14-1061-9 | ||
| 020 | |a 978-956-14-1060-2 (o.c) | ||
| 040 | |c Pontificia Universidad Católica de Valparaíso | ||
| 082 | 7 | |a 338.02 RAD 2009 |2 21 | |
| 100 | |a Radetzki, Marian |9 869639 |e autora | ||
| 245 | |a Commodities primarios en la economía mundial. | ||
| 260 | |a Santiago, Chile: |b Ediciones UC, |c 2009. | ||
| 300 | |a 237 páginas. | ||
| 490 | |a Foro en Economía de Minerales; |v VI. | ||
| 583 | |k GC |c 20240529 | ||
| 650 | 0 | |a Productos básicos |9 255244 | |
| 650 | |a Política comercial |9 259070 | ||
| 942 | |2 ddc |c BK | ||
| 952 | |0 0 |1 0 |2 ddc |4 0 |6 338_020000000000000_RAD_2009 |7 0 |8 A |9 594887 |a BIBING |b BIBING |d 2024-05-29 |e 21 |g 14587.00 |i 5661444 |l 3 |m 1 |o 338.02 RAD 2009 |p 5661444 |r 2025-01-20 |s 2024-09-26 |t 1 |v 14587.00 |w 2024-05-29 |y BK |k EIQ | ||
| 952 | |0 0 |1 0 |2 ddc |4 0 |6 338_020000000000000_RAD_2009 |7 0 |8 A |9 594888 |a BIBING |b BIBING |d 2024-05-29 |e 21 |g 14587.00 |i 5661445 |l 2 |o 338.02 RAD 2009 |p 5661445 |r 2025-01-20 |s 2024-11-18 |t 2 |v 14587.00 |w 2024-05-29 |y BK |k EIQ | ||
| 952 | |0 0 |1 0 |2 ddc |4 0 |6 338_020000000000000_RAD_2009 |7 0 |8 A |9 594889 |a BIBING |b BIBING |d 2024-05-29 |e 21 |g 14587.00 |i 5661446 |o 338.02 RAD 2009 |p 5661446 |r 2025-01-20 |t 3 |v 14587.00 |w 2024-05-29 |y BK |k EIQ | ||
| 952 | |0 0 |1 0 |2 ddc |4 0 |6 338_020000000000000_RAD_2009 |7 0 |8 A |9 594890 |a BIBING |b BIBING |d 2024-05-29 |e 21 |g 14587.00 |i 5661447 |l 1 |o 338.02 RAD 2009 |p 5661447 |r 2025-01-20 |s 2024-08-30 |t 4 |v 14587.00 |w 2024-05-29 |y BK |k EIQ | ||